[Event "Top 12 2021"]
[Site "Chalons en Champagne, France"]
[Date "2021.06.26"]
[Round "3.19"]
[White "Brunner, Nicolas VAN"]
[Black "Ramirez Garcia, Jorge Alberto PAR"]
[Result "1/2-1/2"]
[WhiteElo "2418"]
[BlackElo "2305"]

1. d4 {[%clk 01:30:57]} {[%emt 00:00:01]} d5 {[%clk 01:29:45]} {[%emt
00:01:16]} 2. c4 {[%clk 01:31:22]} {[%emt 00:00:05]} e6 {[%clk 01:30:09]}
{[%emt 00:00:06]} 3. Nf3 {[%clk 01:31:47]} {[%emt 00:00:05]} Nf6 {[%clk
01:30:07]} {[%emt 00:00:32]} 4. Nc3 {[%clk 01:32:11]} {[%emt 00:00:05]} c5
{[%clk 01:28:31]} {[%emt 00:02:06]} 5. cxd5 {[%clk 01:32:32]} {[%emt 00:00:09]}
exd5 {[%clk 01:28:46]} {[%emt 00:00:16]} 6. g3 {[%clk 01:32:38]} {[%emt
00:00:24]} Nc6 {[%clk 01:29:03]} {[%emt 00:00:12]} 7. Bg2 {[%clk 01:33:02]}
{[%emt 00:00:06]} cxd4 {[%clk 01:28:17]} {[%emt 00:01:17]} 8. Nxd4 {[%clk
01:33:24]} {[%emt 00:00:08]} Bc5 {[%clk 01:28:42]} {[%emt 00:00:05]} 9. Nb3
{[%clk 01:32:50]} {[%emt 00:01:05]} Bb6 {[%clk 01:29:06]} {[%emt 00:00:06]} 10.
O-O {[%clk 01:32:43]} {[%emt 00:00:36]} d4 {[%clk 01:29:17]} {[%emt 00:00:19]}
11. Na4 {[%clk 01:33:07]} {[%emt 00:00:06]} O-O {[%clk 01:29:25]} {[%emt
00:00:23]} 12. Bg5 {[%clk 01:32:56]} {[%emt 00:00:40]} Be6 {[%clk 01:24:50]}
{[%emt 00:05:05]} 13. Nac5 {[%clk 01:26:52]} {[%emt 00:06:34]} Bxb3 {[%clk
01:21:33]} {[%emt 00:03:48]} 14. Nxb3 {[%clk 01:27:16]} {[%emt 00:00:06]} h6
{[%clk 01:21:35]} {[%emt 00:00:28]} 15. Bxf6 {[%clk 01:23:05]} {[%emt
00:04:41]} Qxf6 {[%clk 01:21:46]} {[%emt 00:00:19]} 16. Bxc6 {[%clk 01:09:11]}
{[%emt 00:14:24]} Qxc6 {[%clk 01:20:08]} {[%emt 00:02:08]} 17. Qd3 {[%clk
01:00:32]} {[%emt 00:09:09]} Rfe8 {[%clk 01:15:22]} {[%emt 00:05:16]} 18. Rac1
{[%clk 00:57:38]} {[%emt 00:03:24]} Qe6 {[%clk 01:08:31]} {[%emt 00:07:20]} 19.
Rc2 {[%clk 00:57:41]} {[%emt 00:00:28]} Rad8 {[%clk 01:08:19]} {[%emt
00:00:42]} 20. Rd1 {[%clk 00:51:59]} {[%emt 00:06:11]} Rd5 {[%clk 01:00:15]}
{[%emt 00:08:34]} 21. Rcd2 {[%clk 00:39:03]} {[%emt 00:13:27]} Re5 {[%clk
00:38:22]} {[%emt 00:22:23]} 22. Nxd4 {[%clk 00:34:25]} {[%emt 00:05:08]} Bxd4
{[%clk 00:33:40]} {[%emt 00:05:12]} 23. Qxd4 {[%clk 00:34:49]} {[%emt
00:00:06]} Qxa2 {[%clk 00:19:51]} {[%emt 00:14:19]} 24. e3 {[%clk 00:34:32]}
{[%emt 00:00:46]} a6 {[%clk 00:19:26]} {[%emt 00:00:56]} 25. Rc1 {[%clk
00:28:29]} {[%emt 00:06:32]} Qa5 {[%clk 00:12:31]} {[%emt 00:07:26]} 26. b4
{[%clk 00:24:19]} {[%emt 00:04:39]} Qb5 {[%clk 00:12:17]} {[%emt 00:00:43]} 27.
Rc7 {[%clk 00:23:56]} {[%emt 00:00:54]} R5e7 {[%clk 00:08:44]} {[%emt
00:04:03]} 28. Rxe7 {[%clk 00:14:36]} {[%emt 00:09:50]} Rxe7 {[%clk 00:09:09]}
{[%emt 00:00:05]} 29. Qd8+ {[%clk 00:15:01]} {[%emt 00:00:05]} Re8 {[%clk
00:09:18]} {[%emt 00:00:21]} 30. Qd7 {[%clk 00:15:01]} {[%emt 00:00:30]} Re5
{[%clk 00:08:20]} {[%emt 00:01:27]} 31. Qc8+ {[%clk 00:15:02]} {[%emt
00:00:30]} Re8 {[%clk 00:07:54]} {[%emt 00:00:56]} 32. Qd7 {[%clk 00:15:27]}
{[%emt 00:00:05]} Re5 {[%clk 00:06:53]} {[%emt 00:01:31]} 33. Qc8+ {[%clk
00:15:51]} {[%emt 00:00:06]} Re8 {[%clk 00:06:40]} {[%emt 00:00:43]} 1/2-1/2

[Event "Top 12 2021"]
[Site "Chalons en Champagne, France"]
[Date "2021.06.26"]
[Round "3.20"]
[White "Baillon, Olivier PAR"]
[Black "Hamitevici, Vladimir VAN"]
[Result "1-0"]
[WhiteElo "2213"]
[BlackElo "2456"]

1. d4 {[%clk 01:30:52]} {[%emt 00:00:07]} d6 {[%clk 01:30:01]} {[%emt
00:01:00]} 2. e4 {[%clk 01:29:02]} {[%emt 00:02:19]} Nf6 {[%clk 01:28:22]}
{[%emt 00:02:09]} 3. Nc3 {[%clk 01:28:07]} {[%emt 00:01:25]} e5 {[%clk
01:28:00]} {[%emt 00:00:51]} 4. dxe5 {[%clk 01:27:07]} {[%emt 00:01:32]} dxe5
{[%clk 01:28:25]} {[%emt 00:00:05]} 5. Qxd8+ {[%clk 01:27:25]} {[%emt
00:00:12]} Kxd8 {[%clk 01:28:53]} {[%emt 00:00:01]} 6. Bg5 {[%clk 01:26:51]}
{[%emt 00:01:05]} Bd6 {[%clk 01:27:06]} {[%emt 00:02:16]} 7. O-O-O {[%clk
01:18:53]} {[%emt 00:08:28]} Nbd7 {[%clk 01:26:49]} {[%emt 00:00:47]} 8. g3
{[%clk 01:15:17]} {[%emt 00:04:06]} h6 {[%clk 01:26:35]} {[%emt 00:00:45]} 9.
Bxf6+ {[%clk 01:15:22]} {[%emt 00:00:24]} Nxf6 {[%clk 01:26:52]} {[%emt
00:00:13]} 10. f4 {[%clk 01:13:02]} {[%emt 00:02:48]} Bd7 {[%clk 01:13:48]}
{[%emt 00:13:35]} 11. Nf3 {[%clk 00:56:54]} {[%emt 00:16:38]} Ng4 {[%clk
01:13:16]} {[%emt 00:01:03]} 12. fxe5 {[%clk 00:54:50]} {[%emt 00:02:34]} Bc5
{[%clk 01:05:33]} {[%emt 00:08:13]} 13. Bh3 {[%clk 00:49:57]} {[%emt 00:05:22]}
h5 {[%clk 01:05:48]} {[%emt 00:00:16]} 14. e6 {[%clk 00:48:36]} {[%emt
00:01:51]} fxe6 {[%clk 01:06:07]} {[%emt 00:00:11]} 15. Bxg4 {[%clk 00:48:36]}
{[%emt 00:00:30]} hxg4 {[%clk 01:06:35]} {[%emt 00:00:02]} 16. Ne5 {[%clk
00:48:48]} {[%emt 00:00:18]} Bd6 {[%clk 01:07:01]} {[%emt 00:00:05]} 17. Nxd7
{[%clk 00:47:30]} {[%emt 00:01:48]} Ke8 {[%clk 01:06:51]} {[%emt 00:00:39]} 18.
e5 {[%clk 00:42:35]} {[%emt 00:05:25]} Be7 {[%clk 01:07:07]} {[%emt 00:00:14]}
19. Rd4 {[%clk 00:33:39]} {[%emt 00:09:27]} Rd8 {[%clk 01:06:34]} {[%emt
00:01:03]} 20. Rhd1 {[%clk 00:32:51]} {[%emt 00:01:18]} a6 {[%clk 01:06:47]}
{[%emt 00:00:16]} 21. Ne4 {[%clk 00:32:01]} {[%emt 00:01:21]} b6 {[%clk
01:06:41]} {[%emt 00:00:36]} 22. c4 {[%clk 00:29:43]} {[%emt 00:02:48]} Rxh2
{[%clk 01:05:52]} {[%emt 00:01:19]} 23. c5 {[%clk 00:28:11]} {[%emt 00:02:01]}
Rh5 {[%clk 01:04:55]} {[%emt 00:01:27]} 24. c6 {[%clk 00:26:32]} {[%emt
00:02:09]} Rf5 {[%clk 01:03:12]} {[%emt 00:02:13]} 25. Nc3 {[%clk 00:22:49]}
{[%emt 00:04:13]} Kf7 {[%clk 00:59:06]} {[%emt 00:04:37]} 26. Rxg4 {[%clk
00:20:56]} {[%emt 00:02:22]} Rh8 {[%clk 00:59:30]} {[%emt 00:00:06]} 27. Ne4
{[%clk 00:20:06]} {[%emt 00:01:20]} a5 {[%clk 00:58:26]} {[%emt 00:01:34]} 28.
Kc2 {[%clk 00:16:16]} {[%emt 00:04:21]} Rf3 {[%clk 00:57:26]} {[%emt 00:01:29]}
29. Rd2 {[%clk 00:15:29]} {[%emt 00:01:17]} Rf1 {[%clk 00:57:20]} {[%emt
00:00:36]} 30. Ng5+ {[%clk 00:09:13]} {[%emt 00:06:46]} Bxg5 {[%clk 00:57:39]}
{[%emt 00:00:11]} 31. Rxg5 {[%clk 00:09:37]} {[%emt 00:00:06]} Rf5 {[%clk
00:53:44]} {[%emt 00:04:25]} 32. Rg4 {[%clk 00:09:04]} {[%emt 00:01:04]} g5
{[%clk 00:53:18]} {[%emt 00:00:55]} 33. a4 {[%clk 00:08:49]} {[%emt 00:00:45]}
Kg6 {[%clk 00:52:54]} {[%emt 00:00:54]} 34. Re4 {[%clk 00:07:33]} {[%emt
00:01:47]} Rf1 {[%clk 00:52:50]} {[%emt 00:00:32]} 35. g4 {[%clk 00:07:02]}
{[%emt 00:01:04]} Rhh1 {[%clk 00:53:02]} {[%emt 00:00:18]} 36. Kb3 {[%clk
00:05:22]} {[%emt 00:02:09]} Rf3+ {[%clk 00:52:42]} {[%emt 00:00:50]} 37. Kc2
{[%clk 00:05:03]} {[%emt 00:00:49]} Rff1 {[%clk 00:53:05]} {[%emt 00:00:06]} 38.
Rc4 {[%clk 00:04:37]} {[%emt 00:00:57]} Rc1+ {[%clk 00:53:08]} {[%emt
00:00:27]} 39. Kb3 {[%clk 00:04:41]} {[%emt 00:00:27]} 1-0

[Event "Top 12 2021"]
[Site "Chalons en Champagne, France"]
[Date "2021.06.26"]
[Round "3.21"]
[White "Philippe, Christophe VAN"]
[Black "Hirth, Julien PAR"]
[Result "1-0"]
[WhiteElo "2386"]
[BlackElo "2048"]

1. e4 {[%clk 01:30:55]} {[%emt 00:00:04]} d6 {[%clk 01:30:51]} {[%emt
00:00:10]} 2. d4 {[%clk 01:31:19]} {[%emt 00:00:06]} Nf6 {[%clk 01:31:14]}
{[%emt 00:00:07]} 3. Nc3 {[%clk 01:31:44]} {[%emt 00:00:05]} e5 {[%clk
01:31:35]} {[%emt 00:00:08]} 4. Nf3 {[%clk 01:32:00]} {[%emt 00:00:14]} Nbd7
{[%clk 01:31:54]} {[%emt 00:00:11]} 5. Bc4 {[%clk 01:32:02]} {[%emt 00:00:29]}
Be7 {[%clk 01:32:12]} {[%emt 00:00:11]} 6. O-O {[%clk 01:31:49]} {[%emt
00:00:43]} c6 {[%clk 01:32:31]} {[%emt 00:00:12]} 7. a4 {[%clk 01:32:05]}
{[%emt 00:00:14]} Qc7 {[%clk 01:32:47]} {[%emt 00:00:14]} 8. Re1 {[%clk
01:28:54]} {[%emt 00:03:42]} h6 {[%clk 01:33:03]} {[%emt 00:00:14]} 9. a5
{[%clk 01:27:03]} {[%emt 00:02:21]} O-O {[%clk 01:33:11]} {[%emt 00:00:21]} 10.
b3 {[%clk 01:24:52]} {[%emt 00:02:41]} Re8 {[%clk 01:30:03]} {[%emt 00:03:39]}
11. Bb2 {[%clk 01:23:37]} {[%emt 00:01:45]} Nf8 {[%clk 01:29:25]} {[%emt
00:01:08]} 12. h3 {[%clk 01:09:47]} {[%emt 00:14:20]} Ng6 {[%clk 01:29:41]}
{[%emt 00:00:13]} 13. Bf1 {[%clk 01:02:58]} {[%emt 00:07:20]} Bd7 {[%clk
01:28:00]} {[%emt 00:02:11]} 14. g3 {[%clk 01:01:30]} {[%emt 00:01:58]} Bf8
{[%clk 01:27:54]} {[%emt 00:00:35]} 15. Qd2 {[%clk 00:59:30]} {[%emt 00:02:30]}
Rad8 {[%clk 01:23:30]} {[%emt 00:04:55]} 16. Bg2 {[%clk 00:55:14]} {[%emt
00:04:46]} b5 {[%clk 01:03:29]} {[%emt 00:20:32]} 17. axb6 {[%clk 00:53:55]}
{[%emt 00:01:48]} axb6 {[%clk 01:03:52]} {[%emt 00:00:07]} 18. d5 {[%clk
00:42:07]} {[%emt 00:12:17]} b5 {[%clk 01:00:39]} {[%emt 00:03:43]} 19. dxc6
{[%clk 00:39:35]} {[%emt 00:03:02]} Bxc6 {[%clk 01:00:53]} {[%emt 00:00:16]} 20.
Nd5 {[%clk 00:37:17]} {[%emt 00:02:48]} Bxd5 {[%clk 00:52:05]} {[%emt
00:09:18]} 21. exd5 {[%clk 00:37:42]} {[%emt 00:00:05]} Qc5 {[%clk 00:51:43]}
{[%emt 00:00:52]} 22. Nh2 {[%clk 00:34:08]} {[%emt 00:04:04]} Rc8 {[%clk
00:50:59]} {[%emt 00:01:14]} 23. Rec1 {[%clk 00:31:24]} {[%emt 00:03:14]} b4
{[%clk 00:23:04]} {[%emt 00:28:26]} 24. Nf1 {[%clk 00:29:10]} {[%emt 00:02:43]}
Be7 {[%clk 00:21:26]} {[%emt 00:02:08]} 25. Ra4 {[%clk 00:27:34]} {[%emt
00:02:06]} Rb8 {[%clk 00:20:14]} {[%emt 00:01:42]} 26. Ne3 {[%clk 00:27:13]}
{[%emt 00:00:51]} Bd8 {[%clk 00:14:29]} {[%emt 00:06:15]} 27. Rca1 {[%clk
00:26:26]} {[%emt 00:01:17]} Ne7 {[%clk 00:09:22]} {[%emt 00:05:37]} 28. Ra6
{[%clk 00:20:03]} {[%emt 00:06:53]} Bb6 {[%clk 00:09:25]} {[%emt 00:00:26]} 29.
R1a4 {[%clk 00:19:00]} {[%emt 00:01:34]} Bc7 {[%clk 00:04:08]} {[%emt
00:05:48]} 30. Kh2 {[%clk 00:14:38]} {[%emt 00:04:50]} Rec8 {[%clk 00:04:25]}
{[%emt 00:00:13]} 31. h4 {[%clk 00:13:35]} {[%emt 00:01:33]} h5 {[%clk
00:02:24]} {[%emt 00:02:32]} 32. Kg1 {[%clk 00:12:36]} {[%emt 00:01:29]} Ng4
{[%clk 00:02:06]} {[%emt 00:00:47]} 33. Nc4 {[%clk 00:11:17]} {[%emt 00:01:49]}
Nf5 {[%clk 00:02:06]} {[%emt 00:00:31]} 34. Rc6 {[%clk 00:10:18]} {[%emt
00:01:29]} Qb5 {[%clk 00:02:26]} {[%emt 00:00:10]} 35. Qg5 {[%clk 00:06:20]}
{[%emt 00:04:27]} g6 {[%clk 00:02:05]} {[%emt 00:00:52]} 36. Be4 {[%clk
00:05:52]} {[%emt 00:00:57]} Bb6 {[%clk 00:01:27]} {[%emt 00:01:09]} 37. Bxf5
{[%clk 00:03:19]} {[%emt 00:03:02]} Bxf2+ {[%clk 00:01:45]} {[%emt 00:00:12]}
38. Kf1 {[%clk 00:03:16]} {[%emt 00:00:33]} Qxd5 {[%clk 00:01:06]} {[%emt
00:01:09]} 39. Rxc8+ {[%clk 00:03:01]} {[%emt 00:00:45]} Rxc8 {[%clk 00:01:32]}
{[%emt 00:00:04]} 40. Bxg4 {[%clk 00:31:48]} {[%emt 00:01:43]} Qh1+ {[%clk
00:30:34]} {[%emt 00:01:29]} 41. Kxf2 {[%clk 00:29:29]} {[%emt 00:02:48]} hxg4
{[%clk 00:15:02]} {[%emt 00:16:01]} 42. Qxg4 {[%clk 00:27:59]} {[%emt
00:02:00]} Qh2+ {[%clk 00:13:09]} {[%emt 00:02:24]} 43. Ke1 {[%clk 00:23:12]}
{[%emt 00:05:16]} Rc5 {[%clk 00:09:48]} {[%emt 00:03:52]} 44. Qf3 {[%clk
00:18:54]} {[%emt 00:04:47]} Qxc2 {[%clk 00:08:33]} {[%emt 00:01:46]} 45. Ra8+
{[%clk 00:18:03]} {[%emt 00:01:21]} Kg7 {[%clk 00:08:55]} {[%emt 00:00:08]} 46.
Ra7 {[%clk 00:17:19]} {[%emt 00:01:14]} Qb1+ {[%clk 00:07:58]} {[%emt
00:01:27]} 47. Kd2 {[%clk 00:16:58]} {[%emt 00:00:51]} 1-0

[Event "Top 12 2021"]
[Site "Chalons en Champagne, France"]
[Date "2021.06.26"]
[Round "3.23"]
[White "Savina, Anastasia VAN"]
[Black "Mendeiros, Jerome PAR"]
[Result "1/2-1/2"]
[WhiteElo "2333"]
[BlackElo "2134"]

1. d4 {[%clk 01:30:54]} {[%emt 00:00:05]} Nf6 {[%clk 01:30:42]} {[%emt
00:00:18]} 2. c4 {[%clk 01:31:19]} {[%emt 00:00:05]} g6 {[%clk 01:30:59]}
{[%emt 00:00:12]} 3. Nc3 {[%clk 01:31:43]} {[%emt 00:00:06]} d5 {[%clk
01:31:13]} {[%emt 00:00:16]} 4. cxd5 {[%clk 01:31:29]} {[%emt 00:00:45]} Nxd5
{[%clk 01:31:35]} {[%emt 00:00:08]} 5. Bd2 {[%clk 01:31:37]} {[%emt 00:00:22]}
Bg7 {[%clk 01:30:48]} {[%emt 00:01:17]} 6. e4 {[%clk 01:31:51]} {[%emt
00:00:17]} Nxc3 {[%clk 01:26:40]} {[%emt 00:04:38]} 7. Bxc3 {[%clk 01:32:10]}
{[%emt 00:00:11]} O-O {[%clk 01:26:08]} {[%emt 00:01:02]} 8. Qd2 {[%clk
01:32:03]} {[%emt 00:00:37]} c5 {[%clk 01:11:33]} {[%emt 00:15:05]} 9. dxc5
{[%clk 01:16:43]} {[%emt 00:15:50]} Qxd2+ {[%clk 01:03:19]} {[%emt 00:08:44]}
10. Kxd2 {[%clk 01:16:49]} {[%emt 00:00:24]} Bxc3+ {[%clk 00:58:15]} {[%emt
00:05:34]} 11. Kxc3 {[%clk 01:15:51]} {[%emt 00:01:28]} Nd7 {[%clk 00:57:43]}
{[%emt 00:01:02]} 12. b4 {[%clk 01:01:03]} {[%emt 00:15:19]} a5 {[%clk
00:56:45]} {[%emt 00:01:28]} 13. Nf3 {[%clk 00:59:18]} {[%emt 00:02:15]} axb4+
{[%clk 00:54:46]} {[%emt 00:02:30]} 14. Kxb4 {[%clk 00:59:41]} {[%emt
00:00:07]} Nf6 {[%clk 00:54:42]} {[%emt 00:00:33]} 15. Bd3 {[%clk 00:56:01]}
{[%emt 00:04:10]} Rd8 {[%clk 00:48:20]} {[%emt 00:06:53]} 16. Bc2 {[%clk
00:22:57]} {[%emt 00:33:34]} b6 {[%clk 00:35:07]} {[%emt 00:13:42]} 17. c6
{[%clk 00:15:45]} {[%emt 00:07:42]} Rd6 {[%clk 00:31:50]} {[%emt 00:03:46]} 18.
Ne5 {[%clk 00:11:49]} {[%emt 00:04:26]} Nxe4 {[%clk 00:28:46]} {[%emt
00:03:34]} 19. Nc4 {[%clk 00:08:28]} {[%emt 00:03:51]} Re6 {[%clk 00:23:12]}
{[%emt 00:06:04]} 20. Bxe4 {[%clk 00:02:24]} {[%emt 00:06:34]} Rxe4 {[%clk
00:23:34]} {[%emt 00:00:08]} 21. Rhe1 {[%clk 00:02:34]} {[%emt 00:00:20]} Rf4
{[%clk 00:20:13]} {[%emt 00:03:51]} 22. g3 {[%clk 00:01:25]} {[%emt 00:01:39]}
Rxf2 {[%clk 00:20:21]} {[%emt 00:00:22]} 23. Rxe7 {[%clk 00:01:34]} {[%emt
00:00:21]} Be6 {[%clk 00:18:01]} {[%emt 00:02:49]} 24. a4 {[%clk 00:00:33]}
{[%emt 00:01:32]} Rc8 {[%clk 00:12:23]} {[%emt 00:06:07]} 25. a5 {[%clk
00:00:32]} {[%emt 00:00:31]} Rxc6 {[%clk 00:06:31]} {[%emt 00:06:22]} 26. Nxb6
{[%clk 00:00:33]} {[%emt 00:00:30]} Rb2+ {[%clk 00:06:36]} {[%emt 00:00:24]} 27.
Ka4 {[%clk 00:00:32]} {[%emt 00:00:30]} Rd6 {[%clk 00:06:08]} {[%emt 00:00:58]}
28. Re8+ {[%clk 00:00:33]} {[%emt 00:00:30]} Kg7 {[%clk 00:06:30]} {[%emt
00:00:08]} 29. Rxe6 {[%emt 00:00:33]} Rxe6 {[%clk 00:06:10]} {[%emt 00:00:50]}
30. Nc4 {[%clk 00:00:37]} {[%emt 00:00:23]} Re4 {[%clk 00:04:51]} {[%emt
00:01:48]} 31. Rc1 {[%clk 00:01:03]} {[%emt 00:00:05]} h5 {[%clk 00:04:29]}
{[%emt 00:00:51]} 32. h4 {[%clk 00:00:46]} {[%emt 00:00:48]} f6 {[%clk
00:04:13]} {[%emt 00:00:45]} 33. Rc3 {[%clk 00:00:34]} {[%emt 00:00:43]} g5
{[%clk 00:04:14]} {[%emt 00:00:30]} 34. hxg5 {[%clk 00:00:32]} {[%emt
00:00:32]} fxg5 {[%clk 00:04:37]} {[%emt 00:00:05]} 35. a6 {[%clk 00:00:48]}
{[%emt 00:00:14]} Rb1 {[%clk 00:04:43]} {[%emt 00:00:24]} 36. Ka5 {[%clk
00:00:47]} {[%emt 00:00:32]} Re6 {[%clk 00:03:29]} {[%emt 00:01:44]} 37. a7
{[%clk 00:00:39]} {[%emt 00:00:38]} Ra1+ {[%clk 00:02:00]} {[%emt 00:01:59]} 38.
Na3 {[%clk 00:00:58]} {[%emt 00:00:11]} Re8 {[%clk 00:01:58]} {[%emt 00:00:31]}
39. Kb6 {[%clk 00:00:41]} {[%emt 00:00:47]} Re6+ {[%clk 00:01:33]} {[%emt
00:00:55]} 40. Kb5 {[%clk 00:30:35]} {[%emt 00:00:37]} Re8 {[%clk 00:31:38]}
{[%emt 00:00:25]} 41. Rc7+ {[%clk 00:23:45]} {[%emt 00:07:19]} Kf6 {[%clk
00:28:53]} {[%emt 00:03:15]} 42. Nc4 {[%clk 00:21:06]} {[%emt 00:03:09]} Ra8
{[%clk 00:22:39]} {[%emt 00:06:44]} 43. Na5 {[%clk 00:13:46]} {[%emt 00:07:51]}
Kf5 {[%clk 00:17:38]} {[%emt 00:05:30]} 44. Ka6 {[%clk 00:08:41]} {[%emt
00:05:35]} Kg4 {[%clk 00:16:22]} {[%emt 00:01:46]} 45. Rc5 {[%clk 00:08:57]}
{[%emt 00:00:15]} Ra3 {[%clk 00:16:11]} {[%emt 00:00:41]} 46. Kb7 {[%clk
00:08:38]} {[%emt 00:00:49]} Rxa7+ {[%clk 00:16:03]} {[%emt 00:00:38]} 47. Kxa7
{[%clk 00:09:04]} {[%emt 00:00:04]} Rxg3 {[%clk 00:16:24]} {[%emt 00:00:09]} 48.
Nc4 {[%clk 00:07:56]} {[%emt 00:01:38]} h4 {[%clk 00:14:09]} {[%emt 00:02:45]}
49. Ne5+ {[%clk 00:08:11]} {[%emt 00:00:14]} Kh3 {[%clk 00:13:50]} {[%emt
00:00:49]} 50. Kb6 {[%clk 00:04:54]} {[%emt 00:03:48]} Rb3+ {[%clk 00:12:10]}
{[%emt 00:02:09]} 51. Kc6 {[%clk 00:05:19]} {[%emt 00:00:06]} g4 {[%clk
00:12:28]} {[%emt 00:00:12]} 52. Rc4 {[%clk 00:00:38]} {[%emt 00:05:11]} g3
{[%clk 00:12:34]} {[%emt 00:00:23]} 53. Ng6 {[%clk 00:00:57]} {[%emt 00:00:11]}
g2 {[%clk 00:09:20]} {[%emt 00:03:43]} 54. Nf4+ {[%clk 00:01:15]} {[%emt
00:00:12]} Kg3 {[%clk 00:08:52]} {[%emt 00:00:58]} 55. Nxg2 {[%clk 00:01:37]}
{[%emt 00:00:09]} h3 {[%clk 00:07:51]} {[%emt 00:01:31]} 56. Nh4 {[%clk
00:01:39]} {[%emt 00:00:28]} h2 {[%clk 00:06:06]} {[%emt 00:02:15]} 57. Nf5+
{[%clk 00:02:06]} {[%emt 00:00:05]} Kg2 {[%clk 00:06:11]} {[%emt 00:00:23]} 58.
Rg4+ {[%clk 00:00:46]} {[%emt 00:01:50]} Kf2 {[%clk 00:05:49]} {[%emt
00:00:48]} 59. Rh4 {[%clk 00:01:02]} {[%emt 00:00:19]} Kg2 {[%clk 00:06:00]}
{[%emt 00:00:19]} 60. Rg4+ {[%clk 00:01:26]} {[%emt 00:00:07]} Kf2 {[%clk
00:06:19]} {[%emt 00:00:10]} 61. Rh4 {[%clk 00:01:50]} {[%emt 00:00:05]}
1/2-1/2